000 00508nab a2200145Ia 4500
003 ES-SlBCS
005 20210601134322.0
008 140529s1986-1987xu||||| |||| 00| 0 spa d
041 _aspa
100 1 _aPolitoff, Sergio
_9216738
245 0 0 _aDogmática y vida de los derechos humanos en los regímenes autoritarios de América Latina
_c Sergio Politoff
650 0 4 _aDerechos Humanos
_986593
773 0 _tAnales de la Catedra Francisco Suarez
_gnº. 26-27, 1986-1987, págs. 113-134
_wRev1020
942 _cAR
999 _c610899
_d610899